Detalles MARC
| 000 -LIDER |
| fixed length control field |
01225nam a2200301 a 4500 |
| 001 - NÚMERO DE CONTROL |
| Identificador de número de control |
000021235 |
| 003 - IDENTIFICACDOR DE NÚMERO DE CONTROL |
| control field |
DO-SdBNP |
| 005 - DATE AND TIME OF LATEST TRANSACTION |
| control field |
20221101115027.0 |
| 007 - CAMPOS FIJOS DE DESCRIPCIÓN FÍSICA |
| fixed length control field |
000021235 |
| 008 - ELEMENTOS DE LONGITUD FIJA |
| fixed length control field |
150128s 1984 dr a 000 0 spa d |
| 020 ## - ISBN |
| International Standard Book Number |
9684940149 |
| 040 ## - FUENTE DE CATALOGACIÓN |
| Agencia que crea de manera original el registro |
BPMSU |
| Idioma de catalogación |
spa |
| Agencia que realiza la transcripción |
BPMSU |
| 082 #4 - NÚMERO DE CLASIFICACIÓN DECIMAL DE DEWEY |
| Classification number |
H863.08 |
| Item number |
C965a 1984 |
| Edition number |
22 |
| 092 ## - LOCALLY ASSIGNED DEWEY DECIMAL CALL NUMBER |
| Número de clasificación |
|
| Número de ítem (Cutter) |
|
| 245 00 - MENCIÓN DE TITULO |
| Título |
Cuentos de animales fantásticos para niños / |
| Mención de responsabilidad |
edición ; Rosanela Álvarez. |
| 250 ## - MENCIÓN DE EDICION |
| Mención de edición |
2a ed. |
| 260 ## - PUBLICACIÓN, DISTRIBUCIÓN, ETC. (PIE DE IMPRENTA) |
| Lugar de publicación, distribución, etc |
São Paulo, Brasil : |
| Nombre del editor, distribuidor, etc. |
Editoras Ática, |
| Fecha de publicación, distribución, etc |
1984. |
| 300 ## - DESCRIPCIÓN FÍSICA |
| Extensión |
106 p. : |
| Otros detalles físicos |
il. ; |
| Dimensiones |
22 cm. |
| 490 0# - MENCIÓN DE SERIES |
| Mención de serie |
Coedición latinoamericana |
| 505 0# - NOTA DE CONTENIDO |
| Texto normalizado de contenido |
La Boitatá (Brasil) -- |
| Título |
El hombre caimán (Colombia) -- |
| -- |
Las guacamayas (Ecuador) -- |
| -- |
El caballito de sieto colores (Guatemala) -- |
| -- |
El murciélago (México) -- |
| -- |
El lagarto de oro (Nicaragua) -- |
| -- |
El Amaru (Perú) -- |
| -- |
El pájaro Inriri, fabricante de mujeres (Puerto Rico) -- |
| -- |
La novia del pececito (República Dominicana) -- |
| -- |
Blanca y el Salvaje (Venezuela). |
| 590 ## - NOTA LOCAL |
| Enlace |
Inventariado, 2022/VM |
| 650 #4 - ENCABEZAMIENTO DE MATERIA--TEMÁTICO |
| Término temático o nombre geográfico como elemento de entrada |
Cuentos intantiles latinoamericanos |
| Subdivisión de forma |
Colecciones |
| 650 #4 - ENCABEZAMIENTO DE MATERIA--TEMÁTICO |
| Término temático o nombre geográfico como elemento de entrada |
Literatura latinoamericana |
| 700 1# - ASIENTO SECUNDARIO -- NOMBRE PERSONAL |
| Nombre personal |
Álvarez, Rosanela, |
| Mención de responsabilidad |
ed. |
| 711 ## - ASIENTO SECUNDARIO -- NOMBRE DE REUNIÓN |
| Medio (Designación general de material) |
|
| 910 ## - VALIDACIÓN |
| Validación |
VMateo V./Valedado |
| 942 ## - ADDED ENTRY ELEMENTS (KOHA) |
| Source of classification or shelving scheme |
Dewey Decimal Classification |
| Koha item type |
Libros |